[Event "Women's Speed Chess GP2"]
[Site "chess.com INT"]
[Date "2020.07.02"]
[Round "2.12"]
[White "Abdumalik, Zhansaya"]
[Black "Lagno, Kateryna"]
[Result "1-0"]
[WhiteTitle "IM"]
[BlackTitle "GM"]
[WhiteElo "2478"]
[BlackElo "2546"]
[WhiteFideId "13703544"]
[BlackFideId "14109336"]
[EventDate "2020.07.01"]
[EventType "k.o. blitz"]

1. e4 e5 2. Nf3 Nc6 3. Bb5 g6 4. d4 exd4 5. c3 a6 6. Bxc6 dxc6 7. cxd4 Bg7 8.
O-O Bg4 9. Nc3 Ne7 10. Be3 O-O 11. h3 Bxf3 12. Qxf3 f5 13. Rad1 fxe4 14. Qxe4
Nf5 15. d5 Nxe3 16. Qxe3 Qd7 17. Qc5 cxd5 18. Nxd5 Qf7 19. Qxc7 Qxc7 20. Nxc7
Rac8 21. Ne6 Rf7 22. Rd2 Bh6 23. Re2 Re7 24. Rfe1 Rce8 25. b3 Kf7 26. Nd8+ Kf8
27. Rxe7 Rxe7 28. Rxe7 Kxe7 29. Nxb7 Kd7 30. Nc5+ Kc6 31. Nxa6 Bf8 32. b4 Kb5
33. Nc5 Kxb4 34. Ne6 Be7 35. f4 Ka3 36. Kf2 Kxa2 37. Kf3 Kb3 38. Ke4 Kc2 39. g4
Kd2 40. g5 Ke2 41. f5 gxf5+ 42. Kxf5 Kf3 43. h4 Bb4 44. h5 Kg3 45. g6 hxg6+ 46.
Kxg6 Bd2 47. Ng5 Bc3 48. h6 Kf4 49. Ne6+ Ke5 50. Ng7 Kd6 51. h7 Bxg7 52. Kxg7 1-0

[Event "Women's Speed Chess GP2"]
[Site "chess.com INT"]
[Date "2020.07.03"]
[Round "3.1"]
[White "Khademalsharieh, Sarasadat"]
[Black "Ushenina, Anna"]
[Result "1-0"]
[WhiteTitle "IM"]
[BlackTitle "GM"]
[WhiteElo "2494"]
[BlackElo "2416"]
[WhiteFideId "12512214"]
[BlackFideId "14110911"]
[EventDate "2020.07.01"]
[EventType "k.o. blitz"]

1. d4 d5 2. c4 dxc4 3. Nf3 Nf6 4. e3 e6 5. Bxc4 a6 6. O-O b5 7. Be2 Bb7 8. Ne5
Nbd7 9. Bf3 Bxf3 10. Qxf3 c5 11. Nxd7 Nxd7 12. Rd1 Rc8 13. dxc5 Bxc5 14. Qb7 Qc7
15. Qxa6 b4 16. Nd2 O-O 17. Ne4 Be7 18. Bd2 Qe5 19. Ng3 Nf6 20. Rab1 Rc2 21. Qa4
Rc4 22. a3 h5 23. Bc3 Qg5 24. axb4 Nd5 25. Qb5 Rg4 26. e4 Nxb4 27. Qxg5 Rxg5 28.
Rd7 Bc5 29. h4 Rg4 30. Nxh5 1-0

[Event "Women's Speed Chess GP2"]
[Site "chess.com INT"]
[Date "2020.07.03"]
[Round "3.2"]
[White "Ushenina, Anna"]
[Black "Khademalsharieh, Sarasadat"]
[Result "1-0"]
[WhiteTitle "GM"]
[BlackTitle "IM"]
[WhiteElo "2416"]
[BlackElo "2494"]
[WhiteFideId "14110911"]
[BlackFideId "12512214"]
[EventDate "2020.07.01"]
[EventType "k.o. blitz"]

1. d4 Nf6 2. Nf3 d5 3. Bf4 c5 4. e3 Nc6 5. Nbd2 cxd4 6. exd4 Bf5 7. Bb5 Qb6 8.
c4 dxc4 9. a4 e6 10. Nxc4 Bb4+ 11. Bd2 Bxd2+ 12. Qxd2 Qc7 13. Qb4 Nd5 14. Qc5
Rd8 15. O-O a6 16. Bxc6+ Qxc6 17. Nfe5 Qxc5 18. dxc5 O-O 19. Nd6 f6 20. Nec4 Bd3
21. Rfc1 Rd7 22. g3 Rc7 23. Ra3 Bxc4 24. Rxc4 Rd8 25. Rb3 Rdd7 26. Nxb7 Kf8 27.
c6 Re7 28. Nd6 1-0

[Event "Women's Speed Chess GP2"]
[Site "chess.com INT"]
[Date "2020.07.03"]
[Round "3.3"]
[White "Khademalsharieh, Sarasadat"]
[Black "Ushenina, Anna"]
[Result "1-0"]
[WhiteTitle "IM"]
[BlackTitle "GM"]
[WhiteElo "2494"]
[BlackElo "2416"]
[WhiteFideId "12512214"]
[BlackFideId "14110911"]
[EventDate "2020.07.01"]
[EventType "k.o. blitz"]

1. Nf3 d5 2. c4 dxc4 3. e3 Be6 4. Ng5 Bd5 5. e4 e6 6. d4 Bc6 7. Bxc4 Be7 8. Nf3
Bxe4 9. Nc3 Bxf3 10. Qxf3 c6 11. O-O Nf6 12. Be3 O-O 13. Rad1 Nbd7 14. Bd3 Nd5
15. Bc1 N7f6 16. Qh3 g6 17. Rfe1 Nh5 18. Qf3 Bg5 19. Re5 Bxc1 20. Nxd5 cxd5 21.
Rxc1 Nf6 22. Rce1 Rc8 23. h4 Kg7 24. Qg3 Qb6 25. Qf4 Qc7 26. Qf3 h5 27. Rg5 Qd6
28. g3 Nh7 29. Rge5 Nf6 30. Rg5 Rc7 31. Kg2 Rfc8 32. Re2 Rc1 33. Rge5 Ra1 34.
Bxg6 fxg6 35. Rxe6 Qf8 36. Re7+ Kg8 37. R2e6 Rc6 38. Qe2 Rac1 39. Qe3 Rxe6 40.
Qxe6+ 1-0

[Event "Women's Speed Chess GP2"]
[Site "chess.com INT"]
[Date "2020.07.03"]
[Round "3.4"]
[White "Ushenina, Anna"]
[Black "Khademalsharieh, Sarasadat"]
[Result "1-0"]
[WhiteTitle "GM"]
[BlackTitle "IM"]
[WhiteElo "2416"]
[BlackElo "2494"]
[WhiteFideId "14110911"]
[BlackFideId "12512214"]
[EventDate "2020.07.01"]
[EventType "k.o. blitz"]

1. d4 Nf6 2. Nf3 d5 3. Bf4 c5 4. e3 Nc6 5. Nbd2 Nh5 6. Bg5 cxd4 7. exd4 h6 8.
Be3 Nf6 9. Bb5 g6 10. Ne5 Bd7 11. Nxd7 Qxd7 12. O-O Bg7 13. Nf3 O-O 14. Ne5 Qc7
15. Bxc6 bxc6 16. Nd3 Nd7 17. Qd2 Kh7 18. c3 Nb6 19. Bf4 Qc8 20. Rae1 Re8 21. b3
f6 22. Re3 Qf5 23. Rfe1 Nc8 24. Re6 h5 25. h4 a5 26. a4 Ra6 27. Nc5 Rb6 28. Bc7 1-0

[Event "Women's Speed Chess GP2"]
[Site "chess.com INT"]
[Date "2020.07.03"]
[Round "3.5"]
[White "Khademalsharieh, Sarasadat"]
[Black "Ushenina, Anna"]
[Result "0-1"]
[WhiteTitle "IM"]
[BlackTitle "GM"]
[WhiteElo "2494"]
[BlackElo "2416"]
[WhiteFideId "12512214"]
[BlackFideId "14110911"]
[EventDate "2020.07.01"]
[EventType "k.o. blitz"]

1. Nf3 d5 2. c4 dxc4 3. e3 Nf6 4. Bxc4 e6 5. O-O c5 6. b3 Be7 7. Bb2 O-O 8. d4
cxd4 9. Nxd4 a6 10. Nc3 Bd7 11. Qf3 Nc6 12. Nxc6 Bxc6 13. Qe2 Qa5 14. Bd3 Rfd8
15. Rad1 Rd7 16. Bb1 Rad8 17. Rxd7 Rxd7 18. Rd1 Rxd1+ 19. Nxd1 Qd5 20. f3 Qh5
21. Nf2 Nd5 22. Qd3 Qg6 23. Qxg6 hxg6 24. Nd1 Bc5 25. Kf2 g5 26. h3 f5 27. Bd4
Bxd4 28. exd4 Kf7 29. Bd3 Nb4 30. Bb1 Nd5 31. Bd3 Nf4 32. Bb1 Ke7 33. a3 Kd6 34.
Bc2 Kd5 35. g3 Nxh3+ 36. Kg2 g4 37. fxg4 fxg4 38. Kh2 Kxd4 39. Bg6 Ng5 40. Bh5
Bf3 41. Nb2 b5 42. a4 Kc3 43. axb5 axb5 44. Na4+ bxa4 45. bxa4 Kb4 0-1

[Event "Women's Speed Chess GP2"]
[Site "chess.com INT"]
[Date "2020.07.03"]
[Round "3.6"]
[White "Ushenina, Anna"]
[Black "Khademalsharieh, Sarasadat"]
[Result "1-0"]
[WhiteTitle "GM"]
[BlackTitle "IM"]
[WhiteElo "2416"]
[BlackElo "2494"]
[WhiteFideId "14110911"]
[BlackFideId "12512214"]
[EventDate "2020.07.01"]
[EventType "k.o. blitz"]

1. d4 Nf6 2. Nf3 d5 3. Bf4 c5 4. e3 Nc6 5. Nbd2 Nh5 6. Bg5 h6 7. Bh4 g5 8. Bg3
Nxg3 9. hxg3 Bg7 10. c3 cxd4 11. exd4 Bf5 12. Nb3 Qd6 13. Bd3 Qe6+ 14. Kf1 Bxd3+
15. Qxd3 O-O-O 16. Nc5 Qd6 17. Qf5+ Kb8 18. Qxf7 Bf6 19. Qe6 Qc7 20. b4 Rd6 21.
Qe3 Qc8 22. Re1 g4 23. Ne5 Nxe5 24. dxe5 Bg5 25. Qd4 Rdd8 26. e6 Qc6 27. Nd7+
Ka8 28. Kg1 Rhg8 29. Kh2 h5 30. Re2 h4 31. gxh4 Bxh4 32. g3 Bg5 33. Kg2 Qa6 34.
Rhe1 Rg6 35. Nc5 Qb6 36. a4 Rdg8 37. a5 Qb5 38. Qxd5 Bf6 39. Rd2 Rc8 40. Qd7
Qc6+ 41. Qxc6 bxc6 42. Rd3 Rh6 43. Rh1 Rxh1 44. Kxh1 Be5 45. Kg2 Bd6 46. Ne4 Be5
47. Rd7 1-0

[Event "Women's Speed Chess GP2"]
[Site "chess.com INT"]
[Date "2020.07.03"]
[Round "3.7"]
[White "Khademalsharieh, Sarasadat"]
[Black "Ushenina, Anna"]
[Result "1/2-1/2"]
[WhiteTitle "IM"]
[BlackTitle "GM"]
[WhiteElo "2494"]
[BlackElo "2416"]
[WhiteFideId "12512214"]
[BlackFideId "14110911"]
[EventDate "2020.07.01"]
[EventType "k.o. blitz"]

1. d4 d5 2. c4 dxc4 3. Nf3 Nf6 4. e3 e6 5. Bxc4 c5 6. O-O Be7 7. Nc3 cxd4 8.
Nxd4 O-O 9. b3 Bd7 10. Bb2 a6 11. Rc1 Nc6 12. Nxc6 Bxc6 13. Ne2 Qa5 14. Nd4 Bd5
15. Bc3 Qd8 16. Bd3 Rc8 17. Qe2 Be4 18. Bxe4 Nxe4 19. Bb2 Qa5 20. Rxc8 Rxc8 21.
Nxe6 fxe6 22. Qg4 Ng5 23. f4 Qf5 24. Qxf5 exf5 25. fxg5 Bxg5 26. Rxf5 Bxe3+ 27.
Kf1 Bc1 28. Bd4 Bh6 29. Bc5 g6 30. Rd5 Rc7 31. b4 Kf7 32. a4 Bf8 33. Bxf8 Kxf8
34. b5 axb5 35. Rxb5 Kf7 36. a5 Kg7 37. Kf2 Re7 38. h4 Kf6 39. g4 h6 40. h5 gxh5
41. Rxh5 Kg6 42. Kf3 Kg7 43. Rb5 Kg6 44. Kf4 Kf6 45. Rb6+ Kg7 46. Kf5 Kh7 47.
Kf6 Rg7 48. Kf5 Re7 49. Re6 Rg7 50. Rb6 Re7 1/2-1/2

[Event "Women's Speed Chess GP2"]
[Site "chess.com INT"]
[Date "2020.07.03"]
[Round "3.8"]
[White "Ushenina, Anna"]
[Black "Khademalsharieh, Sarasadat"]
[Result "0-1"]
[WhiteTitle "GM"]
[BlackTitle "IM"]
[WhiteElo "2416"]
[BlackElo "2494"]
[WhiteFideId "14110911"]
[BlackFideId "12512214"]
[EventDate "2020.07.01"]
[EventType "k.o. blitz"]

1. d4 Nf6 2. Nf3 d5 3. Bf4 c5 4. e3 Nc6 5. Nbd2 Nh5 6. dxc5 Nxf4 7. exf4 g6 8.
c3 Bg7 9. Nb3 O-O 10. Be2 a5 11. a4 Qc7 12. Qd2 b6 13. cxb6 Qxb6 14. Nbd4 Nxd4
15. Nxd4 Rb8 16. Nb5 Bb7 17. O-O f6 18. Bf3 Rbd8 19. Qe3 Qxe3 20. fxe3 e5 21.
Rfd1 Bc6 22. Rd2 Rd7 23. g3 Rfd8 24. Bd1 Bf8 25. Bb3 Bc5 26. Kf2 Re8 27. Rd3 Kf8
28. Rad1 Red8 29. Ke2 Ke7 30. g4 Kf8 31. g5 exf4 32. exf4 Re8+ 33. Kf1 fxg5 34.
Bxd5 Bxb5 35. axb5 gxf4 36. Bc6 Rxd3 37. Rxd3 Re5 38. Rd5 Rxd5 39. Bxd5 g5 40.
Be4 h5 41. h3 Kg7 42. Ke2 g4 43. hxg4 hxg4 44. b4 axb4 45. cxb4 Bb6 46. Bc6 Kf6
47. Bb7 Kg5 48. Bc6 Kh4 49. Bd5 Kg3 50. Kf1 f3 51. Be6 Kf4 52. Ke1 g3 53. Bh3 g2
54. Bxg2 fxg2 55. Ke2 g1=Q 0-1

[Event "Women's Speed Chess GP2"]
[Site "chess.com INT"]
[Date "2020.07.03"]
[Round "3.9"]
[White "Khademalsharieh, Sarasadat"]
[Black "Ushenina, Anna"]
[Result "1-0"]
[WhiteTitle "IM"]
[BlackTitle "GM"]
[WhiteElo "2494"]
[BlackElo "2416"]
[WhiteFideId "12512214"]
[BlackFideId "14110911"]
[EventDate "2020.07.01"]
[EventType "k.o. blitz"]

1. d4 d5 2. c4 dxc4 3. Nf3 Nf6 4. e3 e6 5. Bxc4 c5 6. O-O Be7 7. dxc5 Bxc5 8.
Qxd8+ Kxd8 9. Rd1+ Ke7 10. Nbd2 Nc6 11. Nb3 Bb4 12. a3 Bd6 13. Bd2 b6 14. Nbd4
Nxd4 15. Nxd4 a6 16. Nc6+ Kd7 17. Bb4 Ne4 18. Bxd6 Nxd6 19. Ne5+ Ke7 20. Rxd6
Kxd6 21. Nxf7+ Ke7 22. Nxh8 Bb7 23. Ng6+ hxg6 24. h4 Rd8 25. Rc1 Rd2 26. b4 Kd6
27. Rc3 Rd1+ 28. Kh2 Ra1 29. Bd3 a5 30. bxa5 bxa5 31. Bxg6 Bd5 32. h5 a4 33. Bc2
Rc1 34. f3 Ke5 35. Rc5 Kf6 36. g4 Bb3 37. g5+ Ke7 38. Rc7+ Kd6 39. Rxg7 Rxc2+
40. Kg3 Rc1 41. h6 Rh1 42. h7 Bc2 43. e4 Bd3 44. g6 Ke5 45. Rg8 1-0

[Event "Women's Speed Chess GP2"]
[Site "chess.com INT"]
[Date "2020.07.03"]
[Round "3.10"]
[White "Ushenina, Anna"]
[Black "Khademalsharieh, Sarasadat"]
[Result "1-0"]
[WhiteTitle "GM"]
[BlackTitle "IM"]
[WhiteElo "2416"]
[BlackElo "2494"]
[WhiteFideId "14110911"]
[BlackFideId "12512214"]
[EventDate "2020.07.01"]
[EventType "k.o. blitz"]

1. d4 Nf6 2. Nf3 d5 3. Bf4 c5 4. e3 Nc6 5. Nbd2 Nh5 6. dxc5 Nxf4 7. exf4 g6 8.
c3 Bg7 9. Bb5 O-O 10. O-O d4 11. Bxc6 dxc3 12. bxc3 bxc6 13. Ne5 Qc7 14. Re1 Be6
15. Qe2 Rad8 16. Ndf3 Bd5 17. Nd4 f6 18. Nexc6 Bxc6 19. Qe6+ Kh8 20. Qxc6 Qxf4
21. Ne6 Qc4 22. Nxf8 Rxf8 23. Rxe7 Qxc3 24. Rae1 f5 25. Re8 f4 26. Rxf8+ Bxf8
27. Qe4 Bg7 28. Qe8+ 1-0

[Event "Women's Speed Chess GP2"]
[Site "chess.com INT"]
[Date "2020.07.03"]
[Round "3.11"]
[White "Khademalsharieh, Sarasadat"]
[Black "Ushenina, Anna"]
[Result "1-0"]
[WhiteTitle "IM"]
[BlackTitle "GM"]
[WhiteElo "2494"]
[BlackElo "2416"]
[WhiteFideId "12512214"]
[BlackFideId "14110911"]
[EventDate "2020.07.01"]
[EventType "k.o. blitz"]

1. Nf3 d5 2. c4 dxc4 3. e3 Nf6 4. Bxc4 e6 5. O-O c5 6. b3 Be7 7. Bb2 O-O 8. d4
cxd4 9. Nxd4 Bd7 10. Nc3 a6 11. Rc1 Nc6 12. Nf3 Qa5 13. Qe2 Rfd8 14. Rfd1 Qh5
15. h3 Rac8 16. Bd3 Nb4 17. Bb1 Bc6 18. Nd4 Qxe2 19. Ncxe2 Be4 20. a3 Rxc1 21.
Rxc1 Nd3 22. Bxd3 Bxd3 23. Nc3 Ne4 24. Nxe4 Bxe4 25. Rc7 Bd6 26. Rc1 Bd5 27. f3
f5 28. b4 Kf7 29. g4 g6 30. Kf2 Ke7 31. Ne2 Kd7 32. Nc3 Bc6 33. Ne2 Ke7 34. Rd1
Bc7 35. Rxd8 Bxd8 36. Be5 a5 37. Nd4 Bd5 38. g5 Kd7 39. h4 axb4 40. axb4 Be7 41.
b5 Bc5 42. Ne2 Bc4 43. Nc3 Bb4 44. b6 Bc5 45. Na4 Kc6 46. Nb2 Bxb6 47. Nxc4 Bc5
48. f4 b5 49. Na5+ Kd5 50. Nb3 Be7 51. Nd4 b4 52. Ke2 Bc5 53. Kd3 Be7 54. Ne2
Bc5 55. Nc1 Be7 56. Nb3 Bf8 57. Bd4 Be7 58. Na5 Bd6 59. Nc4 Be7 60. Nb6+ Kc6 61.
Kc4 Bd8 62. Na4 Be7 63. Nb2 Bd6 64. Nd3 Be7 65. Nxb4+ 1-0

[Event "Women's Speed Chess GP2"]
[Site "chess.com INT"]
[Date "2020.07.03"]
[Round "3.12"]
[White "Ushenina, Anna"]
[Black "Khademalsharieh, Sarasadat"]
[Result "1/2-1/2"]
[WhiteTitle "GM"]
[BlackTitle "IM"]
[WhiteElo "2416"]
[BlackElo "2494"]
[WhiteFideId "14110911"]
[BlackFideId "12512214"]
[EventDate "2020.07.01"]
[EventType "k.o. blitz"]

1. d4 Nf6 2. Nf3 d5 3. Bf4 c5 4. e3 Nc6 5. Nbd2 Nh5 6. dxc5 Nxf4 7. exf4 g6 8.
c3 Bg7 9. Bb5 O-O 10. O-O d4 11. Bxc6 dxc3 12. bxc3 bxc6 13. Ne5 Qd5 14. Nb3 Qe4
15. Qd4 Bf5 16. Rfe1 Qd5 17. Rad1 Rfd8 18. Qxd5 cxd5 19. Nc6 Rd7 20. Nxe7+ Kf8
21. Nxf5 gxf5 22. Nd4 Rc8 23. c6 Rd6 24. Nxf5 Rdxc6 25. Ne7 Bxc3 26. Nxc6 Bxe1
27. Nxa7 Ra8 28. Rxe1 Rxa7 29. Re2 Ra5 30. g3 Ra3 31. Kg2 d4 32. Rd2 Kg7 33. h4
h5 34. Rxd4 Rxa2 35. Rd5 Kg6 36. Rg5+ Kh6 37. Rb5 f6 38. Rb6 Kg6 39. Rb1 Rc2 40.
Re1 Ra2 41. Kf3 Ra3+ 42. Re3 Ra2 43. Rd3 Rb2 44. Re3 Ra2 45. Re2 Ra3+ 46. Ke4
Ra4+ 47. Kd5 Ra5+ 48. Ke6 Ra7 49. f5+ Kg7 50. Rd2 Ra6+ 51. Rd6 Ra2 52. Rd7+ Kh6
53. Kxf6 Rxf2 54. Rf7 Rxf5+ 55. Ke7 Re5+ 56. Kf8 Re3 57. Rf6+ Kh7 58. Rf5 Rxg3
59. Rxh5+ Kg6 60. Rd5 Rh3 61. h5+ Rxh5 62. Rxh5 Kxh5 1/2-1/2

[Event "Women's Speed Chess GP2"]
[Site "chess.com INT"]
[Date "2020.07.03"]
[Round "3.13"]
[White "Khademalsharieh, Sarasadat"]
[Black "Ushenina, Anna"]
[Result "0-1"]
[WhiteTitle "IM"]
[BlackTitle "GM"]
[WhiteElo "2494"]
[BlackElo "2416"]
[WhiteFideId "12512214"]
[BlackFideId "14110911"]
[EventDate "2020.07.01"]
[EventType "k.o. blitz"]

1. Nf3 d5 2. e3 Nf6 3. b3 c5 4. Bb2 a6 5. c4 Nc6 6. cxd5 Nxd5 7. Be2 Bg4 8. O-O
e6 9. Nc3 Nf6 10. Rc1 Be7 11. Na4 Qa5 12. Bc3 Qc7 13. Bxf6 gxf6 14. Nxc5 Rg8 15.
Kh1 O-O-O 16. d4 Kb8 17. b4 Bf5 18. b5 axb5 19. Bxb5 Bxc5 20. Rxc5 Be4 21. Rg1
f5 22. Nd2 Bd5 23. Nb1 Rg6 24. Nc3 Rdg8 25. Nxd5 Qxh2+ 0-1

[Event "Women's Speed Chess GP2"]
[Site "chess.com INT"]
[Date "2020.07.03"]
[Round "3.14"]
[White "Ushenina, Anna"]
[Black "Khademalsharieh, Sarasadat"]
[Result "0-1"]
[WhiteTitle "GM"]
[BlackTitle "IM"]
[WhiteElo "2416"]
[BlackElo "2494"]
[WhiteFideId "14110911"]
[BlackFideId "12512214"]
[EventDate "2020.07.01"]
[EventType "k.o. blitz"]

1. d4 Nf6 2. Nf3 d5 3. Bf4 c5 4. e3 Nc6 5. Nbd2 Nh5 6. dxc5 Nxf4 7. exf4 g6 8.
c3 Bg7 9. Bb5 O-O 10. O-O d4 11. Bxc6 dxc3 12. bxc3 bxc6 13. Ne5 Qc7 14. Re1 Ba6
15. Nb3 f6 16. Nf3 Rad8 17. Qc1 Rd7 18. Nbd4 Bc4 19. Ne6 Bxe6 20. Rxe6 Rd5 21.
Qe3 Rf7 22. Re1 Bf8 23. g3 Qa5 24. Rxc6 Qxa2 25. Rc8 Qa6 26. Qe6 Qxe6 27. Rxe6
Rd3 28. Kg2 Rxc3 29. c6 a5 30. Nd4 a4 31. Nb5 Rc5 32. Rb8 a3 33. Nxa3 Rg7 34.
Nb5 Kf7 35. Nd4 Rc4 36. Re3 e5 37. fxe5 fxe5 38. Nf3 Bd6 39. Nxe5+ Bxe5 40. Rxe5
Rxc6 41. Rb7+ Kf8 42. Rxg7 Kxg7 43. Re7+ Kh6 44. h4 Rc2 45. Rd7 Rc5 46. Re7 g5
47. Re6+ Kg7 48. hxg5 Rxg5 49. Ra6 Ra5 50. Kf3 Rxa6 51. Kg2 Rb6 0-1

[Event "Women's Speed Chess GP2"]
[Site "chess.com INT"]
[Date "2020.07.03"]
[Round "3.15"]
[White "Khademalsharieh, Sarasadat"]
[Black "Ushenina, Anna"]
[Result "0-1"]
[WhiteTitle "IM"]
[BlackTitle "GM"]
[WhiteElo "2494"]
[BlackElo "2416"]
[WhiteFideId "12512214"]
[BlackFideId "14110911"]
[EventDate "2020.07.01"]
[EventType "k.o. blitz"]

1. Nf3 d5 2. e3 Nf6 3. c4 dxc4 4. Bxc4 e6 5. O-O c5 6. b3 Be7 7. Bb2 O-O 8. d4
cxd4 9. Nxd4 Bd7 10. Nc3 Nc6 11. Nf3 a6 12. Qe2 Qa5 13. Rfd1 Rfd8 14. Bd3 Nb4
15. Bb1 Bc6 16. Nd4 Be8 17. a3 Nbd5 18. Nxd5 Qxd5 19. b4 Qh5 20. Qxh5 Nxh5 21.
Be4 Rab8 22. Rac1 Nf6 23. Bf3 Ba4 24. Re1 Rd7 25. Ne2 Rbd8 26. Nc3 Bb3 27. Ne2
Bd5 28. Bxd5 Nxd5 29. Red1 f6 30. Bd4 Kf7 31. Re1 e5 32. Bb2 Ke6 33. e4 Nb6 34.
f4 Rd2 35. Bc3 R2d3 36. fxe5 fxe5 37. Bb2 Rd2 38. Ba1 R2d3 39. Rc7 R8d7 40. Rc3
Na4 41. Rc8 Rxa3 42. Ng3 Rd8 43. Rxd8 Bxd8 44. Nf5 g6 45. Nh6 Nc3 46. Ng4 Bb6+
47. Kf1 Bd4 48. Rc1 h5 49. Nh6 Na4 50. Bxd4 exd4 51. Rc7 b5 52. Rg7 d3 53. Rxg6+
Ke5 54. Ke1 Ra2 55. Nf7+ Kxe4 56. Re6+ Kd4 57. Rd6+ Ke3 58. Re6+ Kd4 59. Rd6+
Kc3 60. Ne5 Re2+ 0-1

[Event "Women's Speed Chess GP2"]
[Site "chess.com INT"]
[Date "2020.07.03"]
[Round "3.1"]
[White "Lagno, Kateryna"]
[Black "Gunina, Valentina"]
[Result "1-0"]
[WhiteTitle "GM"]
[BlackTitle "GM"]
[WhiteElo "2546"]
[BlackElo "2431"]
[WhiteFideId "14109336"]
[BlackFideId "4167570"]
[EventDate "2020.07.01"]
[EventType "k.o. blitz"]

1. e4 c6 2. d4 d5 3. Nd2 dxe4 4. Nxe4 Bf5 5. Ng3 Bg6 6. h4 h6 7. Nf3 Nd7 8. Bd3
Bxd3 9. Qxd3 e6 10. Bf4 Ngf6 11. O-O-O Nd5 12. Bd2 a5 13. Kb1 Nb4 14. Qe2 Nf6
15. a3 Nbd5 16. c4 Nb6 17. Bc1 Na4 18. Qc2 b5 19. cxb5 cxb5 20. Qc6+ Nd7 21. Ka1
Rc8 22. Qxb5 Nb6 23. Ne5 Bd6 24. Bf4 Bxe5 25. Bxe5 O-O 26. Nh5 f6 27. Bd6 Re8
28. Nf4 Nc4 29. Bc5 Nd2 30. Rxd2 Nxc5 31. Re1 a4 32. Rdd1 Nb3+ 33. Ka2 Nxd4 34.
Qxa4 e5 35. Ne2 Qd5+ 36. Kb1 Red8 37. Nxd4 exd4 38. f3 Rb8 39. Rd2 Qf5+ 40. Ka1
d3 41. Qe4 Qb5 42. Re3 f5 43. Qe5 Qc6 44. Qe6+ Qxe6 45. Rxe6 Rbc8 46. Re3 1-0

[Event "Women's Speed Chess GP2"]
[Site "chess.com INT"]
[Date "2020.07.03"]
[Round "3.2"]
[White "Gunina, Valentina"]
[Black "Lagno, Kateryna"]
[Result "1-0"]
[WhiteTitle "GM"]
[BlackTitle "GM"]
[WhiteElo "2431"]
[BlackElo "2546"]
[WhiteFideId "4167570"]
[BlackFideId "14109336"]
[EventDate "2020.07.01"]
[EventType "k.o. blitz"]

1. c4 Nf6 2. Nf3 g6 3. Nc3 d5 4. cxd5 Nxd5 5. h4 Bg7 6. h5 c5 7. h6 Bf6 8. e4
Nxc3 9. bxc3 Nc6 10. Bb5 Bd7 11. Qe2 Qc7 12. Bxc6 Bxc6 13. O-O O-O 14. d4 cxd4
15. cxd4 a6 16. Re1 Bb5 17. Qe3 Rac8 18. Ba3 Rfe8 19. e5 Bh8 20. e6 f5 21. Rac1
Bc4 22. Qg5 Bf6 23. Qe3 b5 24. d5 Qb7 25. Ne5 Qxd5 26. Nd7 Bd4 27. Qf4 Bd3 28.
Rcd1 Qc4 29. Ne5 Bxe5 30. Qxe5 Qc3 31. Rxd3 Qxe5 32. Rxe5 Rb8 33. Rd7 b4 34. Bb2 1-0

[Event "Women's Speed Chess GP2"]
[Site "chess.com INT"]
[Date "2020.07.03"]
[Round "3.3"]
[White "Lagno, Kateryna"]
[Black "Gunina, Valentina"]
[Result "0-1"]
[WhiteTitle "GM"]
[BlackTitle "GM"]
[WhiteElo "2546"]
[BlackElo "2431"]
[WhiteFideId "14109336"]
[BlackFideId "4167570"]
[EventDate "2020.07.01"]
[EventType "k.o. blitz"]

1. e4 c6 2. d4 d5 3. Nd2 dxe4 4. Nxe4 Nf6 5. Nxf6+ exf6 6. c3 Na6 7. Nf3 Bd6 8.
Bd3 Nc7 9. c4 Bg4 10. O-O O-O 11. h3 Bh5 12. Be3 Re8 13. Re1 Ne6 14. a3 Bc7 15.
g4 Bg6 16. Bxg6 hxg6 17. Qd2 Qd6 18. d5 cxd5 19. cxd5 Nf8 20. b4 Nd7 21. Kg2
Rad8 22. Rad1 a6 23. Qc3 Bb6 24. Bxb6 Nxb6 25. Rxe8+ Rxe8 26. Qc5 Rd8 27. Rc1
Nxd5 28. Qxd6 Rxd6 29. Rc8+ Kh7 30. Rb8 Rd7 31. Kg3 Nc3 32. h4 Ne2+ 33. Kg2 Nf4+
34. Kg3 Ne6 35. g5 b5 36. Rb6 Rd3 37. Kg2 Rxa3 38. gxf6 gxf6 39. Nd2 Nf4+ 40.
Kh2 f5 41. Rb7 Kg7 42. Nf1 Rh3+ 43. Kg1 Rxh4 44. Ra7 Rg4+ 45. Kh2 Rg2+ 46. Kh1
Rxf2 47. Ne3 Re2 48. Nf1 Ra2 49. Ne3 Ra3 50. Nc2 Rd3 51. Rxa6 Rd1+ 52. Kh2 Rd2+
53. Kg3 Nh5+ 54. Kh4 Rxc2 0-1

[Event "Women's Speed Chess GP2"]
[Site "chess.com INT"]
[Date "2020.07.03"]
[Round "3.4"]
[White "Gunina, Valentina"]
[Black "Lagno, Kateryna"]
[Result "1-0"]
[WhiteTitle "GM"]
[BlackTitle "GM"]
[WhiteElo "2431"]
[BlackElo "2546"]
[WhiteFideId "4167570"]
[BlackFideId "14109336"]
[EventDate "2020.07.01"]
[EventType "k.o. blitz"]

1. c4 c5 2. Nf3 Nc6 3. Nc3 g6 4. e3 Nf6 5. d4 cxd4 6. exd4 d5 7. cxd5 Nxd5 8.
Qb3 e6 9. Bb5 Bg7 10. Bg5 Qd6 11. Ne4 Qb4+ 12. Qxb4 Nxb4 13. Nd6+ Kf8 14. Ke2 a6
15. Bxc6 Nxc6 16. Rhd1 h6 17. Bh4 g5 18. Bg3 Ke7 19. Nc4 Bd7 20. Bd6+ Ke8 21.
Nb6 Ra7 22. Rac1 Bf6 23. Ne5 Bxe5 24. dxe5 f5 25. Nxd7 1-0

[Event "Women's Speed Chess GP2"]
[Site "chess.com INT"]
[Date "2020.07.03"]
[Round "3.5"]
[White "Lagno, Kateryna"]
[Black "Gunina, Valentina"]
[Result "0-1"]
[WhiteTitle "GM"]
[BlackTitle "GM"]
[WhiteElo "2546"]
[BlackElo "2431"]
[WhiteFideId "14109336"]
[BlackFideId "4167570"]
[EventDate "2020.07.01"]
[EventType "k.o. blitz"]

1. e4 c6 2. d4 d5 3. Nd2 dxe4 4. Nxe4 Nf6 5. Nxf6+ exf6 6. Nf3 Bd6 7. Bd3 O-O 8.
O-O Re8 9. h3 Nd7 10. c3 Nf8 11. Be3 Bc7 12. Qd2 Qd6 13. Rfe1 Be6 14. c4 Ng6 15.
Rad1 a5 16. b3 Qd7 17. Bf1 Bd6 18. d5 cxd5 19. cxd5 Bf5 20. Qd4 Re4 21. Qb6 Rb4
22. a4 Rxb6 23. Bxb6 Bb4 24. Re3 Qd6 25. Bd4 Nf4 26. Bc4 h6 27. Nd2 Nxd5 28. Rg3
Bc2 29. Rc1 Bxd2 30. Rxc2 Bf4 31. Rf3 Nb4 0-1

[Event "Women's Speed Chess GP2"]
[Site "chess.com INT"]
[Date "2020.07.03"]
[Round "3.6"]
[White "Gunina, Valentina"]
[Black "Lagno, Kateryna"]
[Result "0-1"]
[WhiteTitle "GM"]
[BlackTitle "GM"]
[WhiteElo "2431"]
[BlackElo "2546"]
[WhiteFideId "4167570"]
[BlackFideId "14109336"]
[EventDate "2020.07.01"]
[EventType "k.o. blitz"]

1. d4 Nf6 2. c4 g6 3. Nc3 d5 4. cxd5 Nxd5 5. Bd2 Bg7 6. e4 Nxc3 7. Bxc3 O-O 8.
Qd2 Nc6 9. Nf3 Bg4 10. d5 Bxf3 11. gxf3 Ne5 12. Be2 c6 13. f4 Nd7 14. Bxg7 Kxg7
15. Rd1 Nf6 16. Qd4 Qb6 17. O-O Rfd8 18. Bf3 cxd5 19. e5 Ne4 20. Bxe4 dxe4 21.
Qxe4 Qxb2 22. e6 Qxa2 23. f5 gxf5 24. Qe5+ f6 25. Qxf5 Qa4 26. Kh1 Rxd1 0-1